000 00958nam a2200301 i 4500
003 EG-GICUC
005 20260121101516.0
008 251217s1931 fr ||||fr|||| 000 0 fre d
040 _aEG-GiCUC
_bfre
_cEG-GiCUC
_dEG-GiCUC
_eRda
041 _afre
082 0 4 _221
_a341.84
_bSM . C
092 0 4 _221
099 _aLaw1 12 341.84 SM . C 1931
100 1 _aSmyrniadis, Bion
_eAuteur
245 1 4 _aLes Conflits De Lois en Egypte /
_cpar Bion Smyrniadis.
264 1 _aParis :
_bSirey,
_c1931.
300 _a63 pages ;
_c24 cm.
336 _2rda contenu
_a texte
337 _2rda medias
_aOrdinateur
338 _2 transporteur rda
_a Ressource en ligne
504 _aInclude Bibliographic references
546 _aTexte en français
650 1 4 _aConflit de lois
_xDroit international privé
_2qrmak
_zÉgypte
651 1 _2qrmak
856 4 0 _uhttps://fll.law.cu.edu.eg/fulltext/bks/B12-01570.pdf
905 _a75
_eHassnaa
942 _2ddc
_n0
_cBK
_e21
999 _c51157
_d51157